LEADER 01193nam a2200277 i 4500 001 000000102493 003 CaOOAMICUS 005 20090505000000.0 008 090505s1985 it u000 u ita u 013 $a74646 020 $a88-215-0925-7 040 $aSeMil$bita 245 13$aLe Lettere di San Paolo. 250 $a3. ed. 260 $aCinisello Balsamo (MI) :$bPaoline,$c1985. 300 $a699 p. ;$c18 cm. 490 0 $aNuovissima versione della Bibbia dai testi originali ;$v47 650 4$aBibbia. Nuovo Testamento. Lettere di Paolo - Commentari, studi, critica, interpretazioni.$0(OLS)http://semarc/subject/935 650 4$aBibbia - NT - Lettere di Paolo.$0(OLS)http://semarc/subject/4860 830 0$aNuovissima versione della Bibbia dai testi originali ;$v47.$0(OLS)http://semarc/title/16888 850 $aSeMil 852 $aSeMil$W1$xVenegono$y1$m2V I 207$j59003$B59003$CSeMilBibl$Z2$F70005 $81 961 $aLascito: Marelli mons. Giacomo 996 $6020$a88-215-0925-7$9(OLS)http://semarc/number/82165 996 $6245$aLe Lettere di San Paolo$9(OLS)http://semarc/title/149168 996 $6260$aCinisello Balsamo (MI) :$bPaoline$9(OLS)http://semarc/publisher/29714